| 000 | 08738nam a22002657a 4500 | ||
|---|---|---|---|
| 003 | NALT | ||
| 005 | 20260209144126.0 | ||
| 008 | 251219b th ||||| |||| 00| 0 tha d | ||
| 040 | _aNALT | ||
| 086 | _aสว 09 7.3 354.369 2563 | ||
| 110 | 2 |
_aสำนักงานเลขาธิการวุฒิสภา. _bสำนักกรรมาธิการ 1. _bกลุ่มงานคณะกรรมาธิการทรัพยากรธรรมชาติและสิ่งแวดล้อม _963846 |
|
| 245 | 1 | 0 |
_aรายงานการพิจารณาศึกษา เรื่อง การบริหารจัดการทรัพยากรทางทะเลและชายฝั่ง...สู่เป้าหมายยุทธศาสตร์ชาติ กรณีศึกษา ทรัพยากรป่าชายเลน ของคณะกรรมาธิการทรัพยากรธรรมชาติและสิ่งแวดล้อม วุฒิสภา / _cกลุ่มงานคณะกรรมาธิการทรัพยากรธรรมชาติและสิ่งแวดล้อม สำนักกรรมาธิการ 1 สำนักงานเลขาธิการวุฒิสภา. |
| 260 |
_aกรุงเทพฯ : _bสำนักกรรมาธิการ 1 สำนักงานเลขาธิการวุฒิสภา, _c2563. |
||
| 300 |
_a63 หน้า : _bภาพประกอบ, ตาราง, แผนภูมิ ; _c29 ซม. |
||
| 505 | 0 | _aรายนามคณะกรรมาธิการ -- รายนามคณะอนุกรรมาธิการ -- รายนามที่ปรึกษาคณะอนุกรรมาธิการ -- รายงานการพิจารณาศึกษา -- บทสรุปผู้บริหาร -- สารบัญ -- สารบัญตาราง -- สารบัญภาพ -- บทที่ 1 บทนำ -- 1.1 ความเป็นมาของการพิจารณาศึกษา -- 1.2 วัตถุประสงค์ -- 1.3 ขอบเขตของการพิจารณา -- 1.4 นิยามศัพท์เฉพาะ -- 1.5 ประโยชน์ที่คาดว่าจะได้รับ -- บทที่ 2 กฎหมายที่เกี่ยวข้องกับทรัพยากรป่าชายเลน -- 2.1 รัฐธรรมนูญแห่งราชอาณาจักรไทย พุทธศักราช 2560 -- 2.2 พระราชบัญญัติที่เกี่ยวข้องกับป่าชายเลน -- 2.2.1 พระราชบัญญัติป่าไม้ พุทธศักราช พ.ศ. 2484 -- 2.2.2 พระราชบัญญัติป่าสงวนแห่งชาติ พ.ศ. 2507 -- 2.2.3 พระราชบัญญัติส่งเสริมและรักษาคุณภาพสิ่งแวดล้อมแห่งชาติ พ.ศ. 2535 -- 2.2.4 พระราชบัญญัติสงวนและคุ้มครองสัตว์ป่า พ.ศ. 2562 -- 2.2.5 พระราชบัญญัติอุทยานแห่งชาติ พ.ศ. 2562 -- 2.2.6 พระราชบัญญัติส่งเสริมการบริหารจัดการทรัพยากรทางทะเลและชายฝั่ง พ.ศ. 2558 -- 2.3 มติคณะรัฐมนตรีที่เกี่ยวข้องกับทรัพยากรป่าชายเลน -- 2.4 คำสั่งคณะรักษาความสงบแห่งชาติ -- 2.5 หลักเกณฑ์ มาตรการในการจัดระเบียบการใช้ประโยชน์ที่ดินในเขตป่าชายเลน -- 2.6 การดำเนินคดีอาญาต่อผู้บุกรุกพื้นที่ป่าชายเลน และผลคดี -- 2.6.1 การดำเนินคดีอาญา -- 2.6.2 สรุปผลคดีที่บุกรุกป่าชายเลน -- บทที่ 3 สถานการณ์ทรัพยากรป่าชายเลนของประเทศไทย -- 3.1 การเปลี่ยนแปลงพื้นที่ป่าชายเลน (ปี พ.ศ. 2504 - 2561) -- 3.2 การจำแนกการใช้ประโยชน์ในพื้นที่ป่าชายเลน ปี พ.ศ. 2557 -- 3.2.1 การจำแนกการใช้ประโยชน์ที่ดินป่าชายเลนรายจังหวัดในปี พ.ศ. 2557 -- 3.3 สภาพปัญหาของทรัพยากรป่าชายเลน -- 3.4 โครงการต้นแบบในการพัฒนาพื้นที่ป่าชายเลน -- 3.4.1 ศูนย์ศึกษาเรียนรู้ระบบนิเวศป่าชายเลนสิรินาถราชินี -- 3.4.2 อุทยานสิ่งแวดล้อมนานาชาติสิรินธร -- 3.4.3 โครงการป่าในเมืองจังหวัดระนอง -- 3.5 โครงการสวนพฤกษศาสตร์ป่าชายเลนนานาชาติ ร.9 -- 3.5.1 ความเป็นมา -- 3.5.2 วัตถุประสงค์ -- 3.5.3 เป้าหมาย -- 3.5.4 พื้นที่ดำเนินการ -- 3.5.5 วิธีการดำเนินงาน -- 3.5.6 กิจกรรมสำคัญที่ผ่านมา -- 3.5.7 การเดินทางไปศึกษาดูงานของคณะอนุกรรมาธิการ -- บทที่ 4 แนวทางการจัดการทรัพยากรป่าชายเลนอย่างยั่งยืน -- 4.1 ยุทธศาสตร์ชาติ และประเด็นปฏิรูปประเทศด้านทรัพยากรป่าชายเลน (พ.ศ. 2561 - 2580) -- 4.1.1 ประเด็นปฏิรูปประเทศด้านทรัพยากรธรรมชาติและสิ่งแวดล้อม : ทรัพยากรป่าชายเลน -- 4.1.2 การดำเนินการที่ผ่านมาในการเพิ่มพื้นที่สีเขียว -- 4.1.3 แนวทางการบริหารจัดการทรัพยากรทางทะเลและชายฝั่ง (ทรัพยากรป่าชายเลน) สู่เป้าหมายยุทธศาสตร์ชาติ -- บทที่ 5 บทสรุปและข้อเสนอแนะเพื่อการอนุรักษ์ป่าชายเลนอย่างยั่งยืน -- 5.1 สรุปปัญหาที่เกิดขึ้นกับป่าชายเลน -- 5.2 แนวทางการจัดการทรัพยากรป่าชายเลนให้ยั่งยืน -- 5.3 ข้อเสนอแนะ -- บรรณานุกรม -- ภาคผนวก -- ภาคผนวก ก ฝ่ายเลขานุการประจำคณะกรรมาธิการ. | |
| 610 | 2 | 4 |
_aคณะกรรมาธิการทรัพยากรธรรมชาติและสิ่งแวดล้อม วุฒิสภา _xรายงาน _947559 |
| 650 | 4 |
_aทรัพยากรทะเล _xการจัดการ _952857 |
|
| 650 | 4 |
_aการจัดการเขตชายฝั่ง _zไทย _920977 |
|
| 710 | 2 |
_aคณะกรรมาธิการทรัพยากรธรรมชาติและสิ่งแวดล้อม วุฒิสภา. _947560 |
|
| 856 | 4 | 0 | _uhttps://prt.parliament.go.th/items/9b9af30d-03ed-414f-bb40-cfeca9e383a4 |
| 942 |
_cPAR _2local |
||
| 996 |
_akanyakorn.i _bLIBSTF _c2025-12-19 |
||
| 996 |
_ajamriang.p _bCATSTF _c2026-02-09 |
||
| 999 |
_c107575 _d107575 |
||
| 998 |
_j1020 _k นางจำเรียง ระวังสำโรง |
||